2022-23 NFL All-Pro Teams - Statistics

General Stats
  • This quiz has been taken 93 times
  • The average score is 38 of 56
Answer Stats
Hint Answer % Correct
QB Patrick Mahomes
100%
C Jason Kelce
99%
TE Travis Kelce
99%
WR Davante Adams
98%
WR Justin Jefferson
98%
WR Tyreek Hill
98%
WR AJ Brown
96%
WR CeeDee Lamb
96%
TE George Kittle
96%
RB Nick Chubb
96%
WR Stefon Diggs
96%
QB Jalen Hurts
95%
RB Josh Jacobs
95%
EDGE Nick Bosa
95%
EDGE Micah Parsons
94%
IDL Quinnen Williams
94%
LT Trent Williams
94%
LB Fred Warner
91%
CB Sauce Gardner
91%
S Minkah Fitzpatrick
90%
IDL Chris Jones
88%
RT Lane Johnson
88%
PR Marcus Jones
88%
CB Patrick Surtain II
85%
RG Zack Martin
84%
EDGE Myles Garrett
83%
LB Roquan Smith
78%
K Justin Tucker
71%
LB Matt Milano
68%
IDL Dexter Lawrence
66%
RT Tristan Wirfs
66%
K Daniel Carlson
65%
C Creed Humphrey
64%
EDGE Haason Reddick
63%
LB Bobby Wagner
61%
CB Jaire Alexander
61%
IDL Jeffery Simmons
60%
S Justin Simmons
60%
LT Andrew Thomas
59%
S Derwin James
59%
S Talanoa Hufanga
58%
LG Joel Bitonio
56%
CB James Bradberry
49%
P Tommy Townsend
49%
LG Joe Thuney
46%
LB Demario Davis
45%
LB C.J. Mosley
44%
RG Chris Lindstrom
41%
KR Keisean Nixon
19%
P Ryan Stonehouse
10%
ST Jeremy Reaves
9%
PR Kalif Raymond
5%
KR Kene Nwangwu
5%
LS Nick Moore
4%
ST George Odum
1%
LS Andrew DePaola
0%
No matching quizzes found
Score Distribution
Percent of People with Each Score
Percentile by Number Answered
Your Score History
You have not taken this quiz